000 00412nam a2200181Ia 4500
005 20250603145503.0
008 250603s9999 xx 000 0 und d
020 _a9781032469621
050 _aRA 643.7 .S55/
100 _aLoh, Kah Seng
245 0 _aPandemics in Singapore, 1819-2022
260 _aLondon
260 _bRoutledge
260 _c2024
300 _a206 p
650 _aLondon
942 _cBK
999 _c41998
_d41998